| 000 | 01000cam a22002653a 4500 | ||
|---|---|---|---|
| 001 | 11489 | ||
| 003 | PGUSA | ||
| 005 | 20140828083237.0 | ||
| 008 | 040301s2004||||xxu|||||s|||||000 | eng d | ||
| 040 |
_aPGUSA _beng |
||
| 042 | _adc | ||
| 050 | 4 | _aHT | |
| 100 | 1 |
_aBenezet, Anthony, _d1713-1784 |
|
| 245 | 1 | 0 |
_aSome Historical Account of Guinea, Its Situation, Produce, and the General Disposition of Its Inhabitants : _bAn Inquiry into the Rise and Progress of the Slave Trade, Its Nature and Lamentable Effects _h[electronic resource] / _cAnthony Benezet |
| 260 |
_bProject Gutenberg, _c2004 |
||
| 506 | _aPublic domain in the USA. | ||
| 516 | _aElectronic text | ||
| 653 | _aGuinea -- Description and travel -- Early works to 1800 | ||
| 653 | _aSlavery -- Guinea -- Early works to 1800 | ||
| 653 | _aSlave trade -- Early works to 1800 | ||
| 653 | _aSlavery -- Early works to 1800 | ||
| 830 | 0 |
_aProject Gutenberg _v11489 |
|
| 856 | 4 | 0 | _uhttp://www.gutenberg.org/ebooks/11489 |
| 942 | _cEB | ||
| 999 |
_c240744 _d240744 |
||